ბათუმის შოთა რუსთაველის სახელმწიფო უნივერსიტეტის ბიბლიოთეკა

კორპორაციის ფინანსები. (ბიბ.ჩანაწერი № 34842)

000 -LEADER
fixed length control field 00897nam a2200229Ia 4500
001 - CONTROL NUMBER
control field 658
003 - CONTROL NUMBER IDENTIFIER
control field GE_BSU
008 - FIXED-LENGTH DATA ELEMENTS--GENERAL INFORMATION
fixed length control field 181216s||||||||xx |||||||||||||| ||und||
020 ## - INTERNATIONAL STANDARD BOOK NUMBER
International Standard Book Number 9789994069156
040 ## - CATALOGING SOURCE
Transcribing agency GE_BSU
080 ## - UNIVERSAL DECIMAL CLASSIFICATION NUMBER
Universal Decimal Classification number 336(075.8)+339.9239075.8)
100 ## - MAIN ENTRY--PERSONAL NAME
Personal name კაკულია, რევაზ. ბახტაძე, ლელა. თუთბერიძე, გოჩა;
245 ## - TITLE STATEMENT
Title კორპორაციის ფინანსები.
245 ## - TITLE STATEMENT
Remainder of title სახელნძღვანელო
260 ## - PUBLICATION, DISTRIBUTION, ETC.
Place of publication, distribution, etc. თბილისი
260 ## - PUBLICATION, DISTRIBUTION, ETC.
Name of publisher, distributor, etc. ივ. ჯავახიშვილისსახ. თბილისის სახ. უნ-ტი
260 ## - PUBLICATION, DISTRIBUTION, ETC.
Date of publication, distribution, etc. 2008
300 ## - PHYSICAL DESCRIPTION
Extent 487 გვ.
653 ## - INDEX TERM--UNCONTROLLED
Uncontrolled term კორპორაციის ფინანსების სახელმძღვანელოები;
942 ## - ADDED ENTRY ELEMENTS (KOHA)
Koha item type წიგნი
ეგზემპლარები
Withdrawn status Lost status Damaged status Not for loan Date acquired Barcode Date last seen Price effective from Koha item type
        2018-12-17 1806 2018-12-17 2018-12-17 წიგნი